000 00688cam a22002411 4500
001 6887
003 BD-RjUL
005 20211208234331.0
008 120114s1966 cau b 000 0 eng
035 _a(BD-RjUL)
040 _aDLC
_cICU
_dDLC
_beng
041 _aeng
082 0 0 _a614.59
_bTRC 1966
100 1 _aTravis, Georgia.
_921622
245 1 0 _aChronic disease and disability /
_cGeorgia Travis
260 _aBerkeley,
_bUniversity of California Press,
_c1966
300 _a295 p.
_c23 cm.
504 _aIncludes bibliography.
650 0 _aChronic diseases
_xSocial aspects.
_921623
650 0 _aChronically ill
_xRehabilitation.
_921624
942 _2ddc
_cBK
999 _c6887
_d6887